000 00379nam a2200145Ia 4500
005 20251222153559.0
008 251222s9999||||xx |||||||||||||| ||spa||
020 _a9972706192
082 _a530.092/G88
100 _aGuevara Romero, Juan de Dios
245 0 _aFiguras Cumbres de la Física y de la Química
250 _a1ra.ed.
264 _bEdiciones Fredy´s
942 _cLIB
999 _c31164
_d31164